Rethinking innovation; global perspectives (Record no. 74884)
[ view plain ]
| 000 -LEADER | |
|---|---|
| fixed length control field | 00657nam a22002177a 4500 |
| 008 - FIXED-LENGTH DATA ELEMENTS--GENERAL INFORMATION | |
| fixed length control field | 150208b xxu||||| |||| 00| 0 eng d |
| 020 ## - INTERNATIONAL STANDARD BOOK NUMBER | |
| International Standard Book Number | 9780415748186 |
| 082 ## - DEWEY DECIMAL CLASSIFICATION NUMBER | |
| Classification number | 338.9/R292 |
| 100 ## - MAIN ENTRY--PERSONAL NAME | |
| Personal name | Subramanian, Ram, ed. |
| 245 ## - TITLE STATEMENT | |
| Title | Rethinking innovation; global perspectives |
| 260 ## - PUBLICATION, DISTRIBUTION, ETC. | |
| Place of publication, distribution, etc. | London: |
| Name of publisher, distributor, etc. | Routledge, Taylor & Francis Group |
| Date of publication, distribution, etc. | 2014 |
| 300 ## - PHYSICAL DESCRIPTION | |
| Other physical details | xvi, 300p. illus. |
| 504 ## - BIBLIOGRAPHY, ETC. NOTE | |
| Bibliography, etc. note | Bibliography at the end of each chapter |
| 650 ## - SUBJECT ADDED ENTRY--TOPICAL TERM | |
| Topical term or geographic name entry element | Economic development |
| 650 ## - SUBJECT ADDED ENTRY--TOPICAL TERM | |
| Topical term or geographic name entry element | Economic growth |
| 650 ## - SUBJECT ADDED ENTRY--TOPICAL TERM | |
| Topical term or geographic name entry element | Innovations |
| 700 ## - ADDED ENTRY--PERSONAL NAME | |
| Personal name | Rahe, Martin, ed. |
| 700 ## - ADDED ENTRY--PERSONAL NAME | |
| Personal name | Nagadevara, Vishnu Prasad, ed. |
| 700 ## - ADDED ENTRY--PERSONAL NAME | |
| Personal name | Jayachandran, C. ed. |
| 942 ## - ADDED ENTRY ELEMENTS (KOHA) | |
| Source of classification or shelving scheme | Dewey Decimal Classification |
| Koha item type | General Collections |
| Withdrawn status | Lost status | Source of classification or shelving scheme | Damaged status | Not for loan | Home library | Current library | Shelving location | Date acquired | Total Checkouts | Full call number | Barcode | Date last seen | Price effective from | Koha item type |
|---|---|---|---|---|---|---|---|---|---|---|---|---|---|---|
| Dewey Decimal Classification | Tribhuvan University Central Library | Tribhuvan University Central Library | New Building | 02/08/2015 | 338.9/R292 | 150512 | 02/08/2015 | 02/08/2015 | General Collections | |||||
| Dewey Decimal Classification | Tribhuvan University Central Library | Tribhuvan University Central Library | New Building | 02/08/2015 | 338.9/R292 | 150513 | 02/08/2015 | 02/08/2015 | General Collections |
